[Event "Montreal Mercredi 02"]
[Site "Montreal"]
[Date "2019.02.27"]
[Round "2"]
[White "Ostaci, Liviu"]
[Black "Alcantara, Maximo Jr"]
[Result "1-0"]
[WhiteElo "1692"]
[BlackElo "1721"]
[PlyCount "99"]
[EventDate "2019.02.20"]
[EventType "swiss"]
[EventRounds "5"]
[EventCountry "CAN"]
[SourceTitle "EXT 2022"]
[Source "ChessBase"]
[SourceDate "2021.10.06"]
[SourceVersion "1"]
[SourceVersionDate "2021.10.06"]
[SourceQuality "1"]

1. e4 g6 2. d4 Bg7 3. c4 d6 4. Nc3 e5 5. d5 f5 6. exf5 Bxf5 7. Bd3 Bxd3 8. Qxd3 Nf6 9. Bg5 0-0 10. h4 Qd7 11. Bxf6 Bxf6 12. f3 Na6 13. Ne4 Nc5 14. Nxc5 dxc5 15. 0-0-0 Rad8 16. Ne2 c6 17. Nc3 a6 18. d6 b5 19. Ne4 Qa7 20. h5 g5 21. Qe3 h6 22. Qxc5 Qxc5 23. Nxc5 Kf7 24. cxb5 cxb5 25. Ne4 Rd7 26. Kb1 Rfd8 27. Rc1 Rxd6 28. Nxd6+ Rxd6 29. Rhd1 Rb6 30. Rc7+ Be7 31. Rdd7 Re6 32. Kc2 Ke8 33. Rxe7+ Rxe7 34. Rxe7+ Kxe7 35. Kd3 Kf6 36. Ke4 g4 37. f4 exf4 38. Kxf4 g3 39. Kxg3 Kg5 40. b4 Kxh5 41. Kf4 Kh4 42. a3 h5 43. g3+ Kh3 44. Kf3 Kh2 45. g4 hxg4+ 46. Kxg4 Kg2 47. Kf4 Kf2 48. Ke4 Ke2 49. Kd4 Kd2 50. Kc5 1-0

[Event "Montreal Mercredi 01"]
[Site "Montreal"]
[Date "2019.01.18"]
[Round "4"]
[White "Gauthier, Luc"]
[Black "Ostaci, Liviu"]
[Result "1-0"]
[WhiteElo "1670"]
[BlackElo "1713"]
[PlyCount "37"]
[EventDate "2019.01.09"]
[EventType "swiss"]
[EventRounds "5"]
[EventCountry "CAN"]
[SourceTitle "EXT 2022"]
[Source "ChessBase"]
[SourceDate "2021.10.06"]
[SourceVersion "1"]
[SourceVersionDate "2021.10.06"]
[SourceQuality "1"]

1. e4 d6 2. Nc3 g6 3. f4 Bg7 4. Nf3 Bg4 5. h3 Bxf3 6. Qxf3 c5 7. Bb5+ Nd7 8. d3 a6 9. Bxd7+ Qxd7 10. 0-0 Bxc3 11. bxc3 0-0-0 12. c4 h5 13. Bb2 Rh7 14. a4 h4 15. Rfb1 e6 16. Bc3 f5 17. Rb6 Re8 18. exf5 gxf5 19. Rxa6 1-0

[Event "Montreal Mercredi 08"]
[Site "Montreal"]
[Date "2018.09.19"]
[Round "4"]
[White "Ostaci, Liviu"]
[Black "O'Neill, Brendon"]
[Result "0-1"]
[WhiteElo "1684"]
[BlackElo "1702"]
[PlyCount "48"]
[EventDate "2018.08.29"]
[EventType "swiss"]
[EventRounds "5"]
[EventCountry "CAN"]
[SourceTitle "EXT 2022"]
[Source "ChessBase"]
[SourceDate "2021.10.06"]
[SourceVersion "1"]
[SourceVersionDate "2021.10.06"]
[SourceQuality "1"]

1. c4 f5 2. Nf3 e6 3. g3 Nf6 4. Bg2 Be7 5. 0-0 0-0 6. d3 d6 7. Bg5 e5 8. Bxf6 Bxf6 9. Qc2 Nc6 10. e3 Ne7 11. d4 Qe8 12. dxe5 dxe5 13. Nc3 c6 14. Rad1 Ng6 15. Rfe1 e4 16. Nd4 Ne5 17. Bf1 c5 18. f4 Nd3 19. Ndb5 Nxe1 20. Rxe1 Bxc3 21. Qxc3 Qe7 22. a3 a6 23. Qa5 b6 24. Qa4 Bd7 0-1

[Event "Montreal Mercredi 03"]
[Site "Montreal"]
[Date "2017.04.26"]
[Round "5"]
[White "O'Neill, Brendon"]
[Black "Ostaci, Liviu"]
[Result "0-1"]
[WhiteElo "1752"]
[BlackElo "1691"]
[PlyCount "76"]
[EventDate "2017.03.29"]
[EventType "swiss"]
[EventRounds "5"]
[EventCountry "CAN"]
[SourceTitle "EXT 2022"]
[Source "ChessBase"]
[SourceDate "2021.10.06"]
[SourceVersion "1"]
[SourceVersionDate "2021.10.06"]
[SourceQuality "1"]

1. e4 c5 2. Nf3 d6 3. d4 cxd4 4. Nxd4 Nf6 5. Nc3 a6 6. f3 d5 7. e5 Nfd7 8. e6 Nf6 9. exf7+ Kxf7 10. Bd3 Nc6 11. Be3 e5 12. Nxc6 bxc6 13. Bg5 Bd6 14. Qd2 Rb8 15. 0-0-0 a5 16. Rhe1 h6 17. Bh4 Qb6 18. b3 Qb4 19. Bg3 Re8 20. Bf2 Qa3+ 21. Kb1 Bb4 22. Bf1 Bf5 23. g4 Bh7 24. Bd3 a4 25. Bxh7 Nxh7 26. f4 d4 27. Bxd4 exd4 28. Qxd4 Nf6 29. Qc4+ Kf8 30. Rxe8+ Rxe8 31. g5 Bxc3 32. Qxc3 Nd5 33. Qxc6 axb3 34. cxb3 Nb4 35. Qc5+ Kg8 36. Qf2 Rc8 37. g6 Qa5 38. Qe2 Qf5+ 0-1

[Event "Montreal Mercredi 03"]
[Site "Montreal"]
[Date "2017.04.19"]
[Round "4"]
[White "Ostaci, Liviu"]
[Black "Gauthier, Luc"]
[Result "0-1"]
[WhiteElo "1691"]
[BlackElo "1702"]
[PlyCount "62"]
[EventDate "2017.03.29"]
[EventType "swiss"]
[EventRounds "5"]
[EventCountry "CAN"]
[SourceTitle "EXT 2022"]
[Source "ChessBase"]
[SourceDate "2021.10.06"]
[SourceVersion "1"]
[SourceVersionDate "2021.10.06"]
[SourceQuality "1"]

1. c4 f5 2. g3 Nf6 3. Bg2 e6 4. Nf3 Be7 5. 0-0 0-0 6. d4 d6 7. Nc3 Qe8 8. Ne1 Nbd7 9. Nd3 e5 10. d5 a5 11. Nb5 Bd8 12. b3 b6 13. Bb2 Nc5 14. Nxc5 bxc5 15. Nc3 f4 16. f3 Qh5 17. gxf4 exf4 18. Kh1 Bh3 19. Bxh3 Qxh3 20. Rg1 Nh5 21. Ne4 Bf6 22. Bxf6 Nxf6 23. Ng5 Qh4 24. Ne6 Rf7 25. Qd2 Nh5 26. Rg4 Qf6 27. Rag1 g6 28. Ng5 Rff8 29. Qc2 Rae8 30. Nxh7 Kxh7 31. Rxg6 Qf5 0-1

[Event "Montreal Mercredi 03"]
[Site "Montreal"]
[Date "2017.04.05"]
[Round "2"]
[White "Ostaci, Liviu"]
[Black "O'Connor, Michael"]
[Result "1/2-1/2"]
[WhiteElo "1691"]
[BlackElo "1713"]
[PlyCount "62"]
[EventDate "2017.03.29"]
[EventType "swiss"]
[EventRounds "5"]
[EventCountry "CAN"]
[SourceTitle "EXT 2022"]
[Source "ChessBase"]
[SourceDate "2021.10.06"]
[SourceVersion "1"]
[SourceVersionDate "2021.10.06"]
[SourceQuality "1"]

1. Nf3 e6 2. e4 d5 3. e5 c5 4. d4 Nc6 5. Bd3 Qb6 6. 0-0 Bd7 7. dxc5 Bxc5 8. Nc3 Nd4 9. a4 a6 10. Nxd4 Bxd4 11. Qe2 Rc8 12. Kh1 Ne7 13. Nd1 Qc7 14. f4 0-0 15. Qh5 g6 16. Qg5 f6 17. Qh4 Nf5 18. Bxf5 exf5 19. c3 Bc5 20. exf6 Qd8 21. Ne3 d4 22. Nd5 Rf7 23. Re1 dxc3 24. bxc3 b5 25. a5 Bc6 26. Ne7+ Bxe7 27. fxe7 Qd5 28. Qg3 b4 29. cxb4 Re8 30. Bb2 Rfxe7 31. Red1 Qe4 1/2-1/2

[Event "Montreal CC-ch"]
[Site "Montreal"]
[Date "2015.06.14"]
[Round "5"]
[White "Gauthier, Luc"]
[Black "Ostaci, Liviu"]
[Result "1-0"]
[WhiteElo "1764"]
[BlackElo "1572"]
[PlyCount "71"]
[EventDate "2015.06.12"]
[EventType "swiss"]
[EventRounds "5"]
[EventCountry "CAN"]
[SourceTitle "EXT 2019"]
[Source "ChessBase"]
[SourceDate "2018.10.10"]
[SourceVersion "1"]
[SourceVersionDate "2018.10.10"]
[SourceQuality "1"]

1. e4 e5 2. f4 exf4 3. Nf3 d5 4. exd5 Nf6 5. Bb5+ c6 6. dxc6 Nxc6 7. Bxc6+ bxc6 8. d4 Bd6 9. 0-0 0-0 10. Nc3 Ba6 11. Re1 Qc7 12. Ng5 Nd5 13. Nce4 Be7 14. Nf3 Rad8 15. c3 Rfe8 16. Qc2 f5 17. Nf2 Bc8 18. Nd3 g5 19. Nfe5 Bd6 20. Bd2 Nf6 21. g3 Ne4 22. gxf4 g4 23. Be3 h5 24. Bf2 Nxf2 25. Qxf2 Be7 26. Ng6 Bf6 27. Rxe8+ Rxe8 28. Re1 Rd8 29. Nge5 Kh7 30. Qg2 Rg8 31. Qxc6 Qg7 32. Re3 h4 33. Nc5 h3 34. Ne6 Qh6 35. Qc7+ Kh8 36. Nf7+ 1-0

[Event "Montreal CC-ch"]
[Site "Montreal"]
[Date "2014.06.14"]
[Round "3"]
[White "Ostaci, Liviu"]
[Black "Salazar, Andres Felipe"]
[Result "1/2-1/2"]
[WhiteElo "1605"]
[BlackElo "1769"]
[PlyCount "69"]
[EventDate "2014.06.15"]
[EventType "swiss"]
[EventRounds "5"]
[EventCountry "CAN"]
[SourceTitle "EXT 2022"]
[Source "ChessBase"]
[SourceDate "2021.10.06"]
[SourceVersion "1"]
[SourceVersionDate "2021.10.06"]
[SourceQuality "1"]

1. Nf3 c5 2. b3 d5 3. Bb2 Nc6 4. e3 Bg4 5. d4 e6 6. Be2 Nf6 7. 0-0 cxd4 8. Nxd4 Bxe2 9. Qxe2 Rc8 10. c3 Bd6 11. Nd2 0-0 12. Rac1 Bb8 13. Rfd1 e5 14. Nxc6 bxc6 15. Nf1 h5 16. c4 Qe7 17. cxd5 cxd5 18. Rxc8 Rxc8 19. Rc1 Rxc1 20. Bxc1 e4 21. Bb2 Be5 22. Bxe5 Qxe5 23. Qd2 h4 24. h3 Nd7 25. Qa5 Qg5 26. Qxa7 Ne5 27. Qb8+ Kh7 28. Qc8 f5 29. Qc3 Nd3 30. Nh2 f4 31. Ng4 fxe3 32. fxe3 Qe7 33. a4 Qa3 34. Qc8 Qxb3 35. Qf5+ 1/2-1/2

[Event "Montreal Mercredi 05"]
[Site "Montreal"]
[Date "2014.05.14"]
[Round "1"]
[White "Lacroix, Serge"]
[Black "Ostaci, Liviu"]
[Result "1-0"]
[WhiteElo "1673"]
[BlackElo "1589"]
[PlyCount "84"]
[EventDate "2014.05.14"]
[EventType "swiss"]
[EventRounds "5"]
[EventCountry "CAN"]
[SourceTitle "EXT 2022"]
[Source "ChessBase"]
[SourceDate "2021.10.06"]
[SourceVersion "1"]
[SourceVersionDate "2021.10.06"]
[SourceQuality "1"]

1. e4 d6 2. d4 Nf6 3. Nc3 g6 4. f4 Bg7 5. Nf3 0-0 6. Be3 c6 7. Bd3 a6 8. a4 Nbd7 9. a5 c5 10. h3 cxd4 11. Nxd4 Nc5 12. 0-0 Nxd3 13. Qxd3 Nd7 14. Nb3 Nb8 15. Bb6 Qd7 16. Nd5 Nc6 17. c3 f5 18. Nc7 Rb8 19. Nd4 Nxd4 20. cxd4 fxe4 21. Qxe4 Qf5 22. Qxe7 Rf7 23. Qd8+ Rf8 24. Qxd6 Bd7 25. Qd5+ Qxd5 26. Nxd5 Bb5 27. Rfe1 Bc4 28. Ne7+ Kh8 29. Rac1 Bb5 30. g3 Rbe8 31. Nd5 Kg8 32. Re7 Bc6 33. Rxe8 Rxe8 34. Nb4 Bd7 35. g4 Bh6 36. Nd5 Bg7 37. Rc7 Bc6 38. Ne7+ Kf8 39. Nxc6 bxc6 40. Bc5+ Kg8 41. Kf2 Re4 42. Kf3 Re6 1-0

[Event "Montreal Mercredi 11"]
[Site "Montreal"]
[Date "2013.11.20"]
[Round "2"]
[White "Ostaci, Liviu"]
[Black "Fortin Lavoie, Patrice"]
[Result "0-1"]
[WhiteElo "1707"]
[BlackElo "1723"]
[PlyCount "83"]
[EventDate "2013.11.13"]
[EventType "swiss"]
[EventRounds "5"]
[EventCountry "CAN"]
[SourceTitle "EXT 2022"]
[Source "ChessBase"]
[SourceDate "2021.10.06"]
[SourceVersion "1"]
[SourceVersionDate "2021.10.06"]
[SourceQuality "1"]

1. d4 d5 2. Nf3 Bg4 3. e3 Nf6 4. Be2 e6 5. Nbd2 c5 6. c3 Nc6 7. 0-0 Be7 8. dxc5 Bxc5 9. Nd4 Bxe2 10. Qxe2 0-0 11. N4b3 Bd6 12. e4 Qc7 13. h3 e5 14. exd5 Nxd5 15. Ne4 Nce7 16. Nxd6 Qxd6 17. Rd1 Qc7 18. Bg5 f6 19. Be3 b6 20. Rd2 Qc6 21. Rad1 Rad8 22. c4 Nxe3 23. fxe3 Rxd2 24. Rxd2 Qa4 25. Nc1 Nf5 26. Qd3 g6 27. b3 Qb4 28. g4 Nh4 29. Qd5+ Kg7 30. Rd1 Qc3 31. Kf2 f5 32. g5 f4 33. Qd3 fxe3+ 34. Kg3 Nf5+ 35. Kh2 Qb2+ 36. Qe2 Qa3 37. Nd3 Qe7 38. Qg4 Nd4 39. h4 e2 40. Rc1 Rf1 41. Qe4 Rxc1 42. Nxc1 0-1

[Event "Montreal Mercredi 10"]
[Site "Montreal"]
[Date "2013.10.23"]
[Round "4"]
[White "Chesnut, Walter"]
[Black "Ostaci, Liviu"]
[Result "0-1"]
[WhiteElo "1638"]
[BlackElo "1657"]
[PlyCount "78"]
[EventDate "2013.10.02"]
[EventType "swiss"]
[EventRounds "5"]
[EventCountry "CAN"]
[SourceTitle "EXT 2022"]
[Source "ChessBase"]
[SourceDate "2021.10.06"]
[SourceVersion "1"]
[SourceVersionDate "2021.10.06"]
[SourceQuality "1"]

1. e4 e5 2. Nf3 Nc6 3. Bb5 a6 4. Bxc6 dxc6 5. 0-0 Bd6 6. d4 exd4 7. Qxd4 f6 8. Re1 Ne7 9. Qc4 Ng6 10. e5 Nxe5 11. Nxe5 fxe5 12. Bf4 Qf6 13. Bxe5 Bxe5 14. f4 Be6 15. fxe5 Qf7 16. Qh4 0-0 17. Nc3 Qg6 18. Qe4 Qh6 19. Qe3 Qxe3+ 20. Rxe3 b6 21. Ne2 Rad8 22. Rd3 Rxd3 23. cxd3 c5 24. Ng3 Rd8 25. Ne2 g5 26. Nc3 Rf8 27. Ne4 Rf5 28. Re1 Kf7 29. Ng3 Rf4 30. Ne4 h6 31. b3 Ke7 32. g3 Rf3 33. Nf2 Bd5 34. Kf1 Ke6 35. g4 Rf4 36. Re3 a5 37. h3 a4 38. bxa4 Rxa4 39. Nd1 Ra3 0-1

[Event "Montreal Mercredi 10"]
[Site "Montreal"]
[Date "2013.10.02"]
[Round "1"]
[White "Khudaverdian, Berj"]
[Black "Ostaci, Liviu"]
[Result "0-1"]
[WhiteElo "1743"]
[BlackElo "1657"]
[PlyCount "102"]
[EventDate "2013.10.02"]
[EventType "swiss"]
[EventRounds "5"]
[EventCountry "CAN"]
[SourceTitle "EXT 2022"]
[Source "ChessBase"]
[SourceDate "2021.10.06"]
[SourceVersion "1"]
[SourceVersionDate "2021.10.06"]
[SourceQuality "1"]

1. Nf3 Nf6 2. d3 d5 3. Nbd2 c5 4. g3 g6 5. Bg2 Bg7 6. 0-0 0-0 7. e4 Nc6 8. Re1 d4 9. a4 e5 10. Nc4 Ne8 11. a5 Nd6 12. Nxd6 Qxd6 13. Nh4 Qd8 14. a6 b6 15. Bd2 Rb8 16. Qc1 Qe7 17. Bh6 Bd7 18. Bxg7 Kxg7 19. Nf3 Rfc8 20. h4 f6 21. Kh2 b5 22. Qd2 c4 23. Rh1 Nb4 24. c3 dxc3 25. bxc3 Nxd3 26. h5 g5 27. Ne1 Nxe1 28. Rhxe1 Be6 29. f4 Rd8 30. Qe2 Rd3 31. f5 Bf7 32. Rec1 Rbd8 33. Rc2 Qc5 34. Rb1 Be8 35. Qe1 Bxh5 36. Rcb2 Rd1 37. Rxb5 Rxe1 38. Rxc5 Rxb1 39. Rc7+ Kg8 40. Rxa7 Ra1 41. Kh3 Be8 42. Bf3 Bb5 43. Rb7 Bxa6 44. Rb6 Kg7 45. Kg4 Rd7 46. Kh5 Bb7 47. g4 Rf1 48. Bg2 Rf2 49. Re6 Bxe4 50. Bh3 Rf7 51. Re8 Rh2 0-1

[Event "Montreal Mercredi 08"]
[Site "Montreal"]
[Date "2013.09.11"]
[Round "3"]
[White "Fortin Lavoie, Patrice"]
[Black "Ostaci, Liviu"]
[Result "1-0"]
[WhiteElo "1625"]
[BlackElo "1681"]
[PlyCount "55"]
[EventDate "2013.08.28"]
[EventType "swiss"]
[EventRounds "5"]
[EventCountry "CAN"]
[SourceTitle "EXT 2022"]
[Source "ChessBase"]
[SourceDate "2021.10.06"]
[SourceVersion "1"]
[SourceVersionDate "2021.10.06"]
[SourceQuality "1"]

1. Nf3 c5 2. g3 Nf6 3. Bg2 g6 4. 0-0 Bg7 5. d4 cxd4 6. Nxd4 0-0 7. Nc3 Nc6 8. Nb3 d6 9. a4 Bd7 10. h3 Rc8 11. a5 Qc7 12. a6 b6 13. Nb5 Qb8 14. N5d4 Nxd4 15. Nxd4 Qc7 16. c3 Rcd8 17. Qb3 e5 18. Nb5 Bxb5 19. Qxb5 Qc5 20. Qb3 d5 21. Be3 Qd6 22. Rfd1 h6 23. Ra4 Qe6 24. Qc2 Rc8 25. Qd2 e4 26. Bxh6 Rcd8 27. Bg5 Nh5 28. Bxd8 1-0

[Event "Montreal Mercredi 08"]
[Site "Montreal"]
[Date "2013.08.28"]
[Round "1"]
[White "Gauthier, Luc"]
[Black "Ostaci, Liviu"]
[Result "1-0"]
[WhiteElo "1749"]
[BlackElo "1681"]
[PlyCount "87"]
[EventDate "2013.08.28"]
[EventType "swiss"]
[EventRounds "5"]
[EventCountry "CAN"]
[SourceTitle "EXT 2022"]
[Source "ChessBase"]
[SourceDate "2021.10.06"]
[SourceVersion "1"]
[SourceVersionDate "2021.10.06"]
[SourceQuality "1"]

1. e4 c5 2. Nc3 Nc6 3. g3 g6 4. Bg2 Bg7 5. d3 e6 6. f4 Nge7 7. Nf3 0-0 8. 0-0 d6 9. Be3 Nd4 10. e5 Nxf3+ 11. Qxf3 dxe5 12. fxe5 Bxe5 13. Bxc5 Bd4+ 14. Bxd4 Qxd4+ 15. Kh1 f5 16. Rab1 Rb8 17. Qf4 Qxf4 18. Rxf4 g5 19. Rf2 Ng6 20. Nb5 a6 21. Nd6 Rd8 22. Nxc8 Rdxc8 23. c3 Nf8 24. Re1 Rd8 25. d4 Rd6 26. Rfe2 Rb6 27. d5 exd5 28. Bxd5+ Kh8 29. Re8 Rxe8 30. Rxe8 Kg7 31. Re7+ Kf6 32. Rxb7 Rxb7 33. Bxb7 a5 34. b4 axb4 35. cxb4 Ke5 36. b5 Kd6 37. Bc8 f4 38. gxf4 gxf4 39. Kg2 Kc5 40. a4 Kb6 41. Bf5 Ng6 42. Bxg6 hxg6 43. h4 Kc5 44. Kf3 1-0

[Event "Montreal Mercredi 05"]
[Site "Montreal"]
[Date "2013.05.22"]
[Round "2"]
[White "Ostaci, Liviu"]
[Black "Nardone, Raul"]
[Result "0-1"]
[WhiteElo "1841"]
[BlackElo "1893"]
[PlyCount "70"]
[EventDate "2013.05.15"]
[EventType "swiss"]
[EventRounds "5"]
[EventCountry "CAN"]
[SourceTitle "EXT 2014"]
[Source "ChessBase"]
[SourceDate "2013.11.20"]
[SourceVersion "1"]
[SourceVersionDate "2013.11.20"]
[SourceQuality "1"]

1. d4 Nf6 2. Nf3 g6 3. g3 Bg7 4. Bg2 0-0 5. 0-0 d6 6. Re1 Nc6 7. e4 e5 8. c3 Bg4 9. h3 Bd7 10. Qc2 Qc8 11. Kh2 Nh5 12. d5 Ne7 13. Nfd2 f5 14. Qd1 Kh8 15. c4 Qe8 16. Nc3 a6 17. b3 Nf6 18. f3 f4 19. gxf4 Nh5 20. Nf1 Nxf4 21. Bxf4 exf4 22. Rc1 Be5 23. Ne2 g5 24. Ng1 h5 25. c5 Ng6 26. cxd6 Bxd6 27. Nd2 b5 28. Bf1 Ne5 29. Qc2 g4 30. Qb2 Qe7 31. Nb1 Kh7 32. Qe2 Rg8 33. Qd2 Qg5 34. Qe2 gxf3 35. Qf2 Qg3+ 0-1

[Event "Montreal Mercredi 02"]
[Site "Montreal"]
[Date "2013.03.20"]
[Round "5"]
[White "Ostaci, Liviu"]
[Black "Heredia, Jose"]
[Result "1/2-1/2"]
[WhiteElo "1841"]
[BlackElo "1828"]
[PlyCount "86"]
[EventDate "2013.02.20"]
[EventType "swiss"]
[EventRounds "5"]
[EventCountry "CAN"]
[SourceTitle "EXT 2014"]
[Source "ChessBase"]
[SourceDate "2013.11.20"]
[SourceVersion "1"]
[SourceVersionDate "2013.11.20"]
[SourceQuality "1"]

1. d4 d5 2. Nf3 Nf6 3. e3 e6 4. Bd3 c5 5. c3 Nc6 6. 0-0 Be7 7. Nbd2 b6 8. Bb5 Bb7 9. Ne5 Qc7 10. Bxc6+ Bxc6 11. f4 cxd4 12. exd4 0-0 13. Rf3 Nd7 14. Nf1 Nxe5 15. fxe5 f6 16. Bf4 fxe5 17. Bxe5 Bd6 18. Re3 Rf7 19. Qg4 Bd7 20. Ng3 Bxe5 21. Rxe5 Qc4 22. Qe2 Qxe2 23. Rxe2 Raf8 24. Rf1 Rxf1+ 25. Nxf1 Bb5 26. Rf2 Rxf2 27. Kxf2 Bxf1 28. Kxf1 Kf7 29. Ke2 Kf6 30. Ke3 Kf5 31. Kf3 h5 32. b3 b5 33. Ke3 Kg4 34. Ke2 h4 35. Ke3 g5 36. Ke2 Kf4 37. Kf2 g4 38. g3+ hxg3+ 39. hxg3+ Kg5 40. Ke3 Kf5 41. Kd3 a5 42. Ke3 Kg5 43. Kd3 Kf5 1/2-1/2

[Event "Montreal Mercredi 01"]
[Site "Montreal"]
[Date "2013.01.30"]
[Round "4"]
[White "Ostaci, Liviu"]
[Black "Pilotte, Benoit"]
[Result "0-1"]
[WhiteElo "1892"]
[BlackElo "1804"]
[PlyCount "50"]
[EventDate "2013.01.09"]
[EventType "swiss"]
[EventRounds "5"]
[EventCountry "CAN"]
[SourceTitle "EXT 2014"]
[Source "ChessBase"]
[SourceDate "2013.11.20"]
[SourceVersion "1"]
[SourceVersionDate "2013.11.20"]
[SourceQuality "1"]

1. d4 h6 2. Nf3 g5 3. e3 Bg7 4. Bd3 d6 5. 0-0 e6 6. Nbd2 Nc6 7. c3 g4 8. Ne1 h5 9. Rb1 Nf6 10. e4 e5 11. d5 Ne7 12. Nc4 h4 13. a4 Bd7 14. Bc2 a6 15. Nd2 g3 16. h3 Qc8 17. f4 exf4 18. Rxf4 Ng6 19. Rf1 Bxh3 20. Ndf3 Bg4 21. a5 h3 22. Ba4+ Kf8 23. Qd3 hxg2 24. Nxg2 Bxf3 25. Qxf3 Rh1+ 0-1

[Event "Montreal Mercredi 01"]
[Site "Montreal"]
[Date "2013.01.09"]
[Round "1"]
[White "Ostaci, Liviu"]
[Black "Gates, Claude Eric"]
[Result "1-0"]
[WhiteElo "1892"]
[BlackElo "1761"]
[PlyCount "87"]
[EventDate "2013.01.09"]
[EventType "swiss"]
[EventRounds "5"]
[EventCountry "CAN"]
[SourceTitle "EXT 2014"]
[Source "ChessBase"]
[SourceDate "2013.11.20"]
[SourceVersion "1"]
[SourceVersionDate "2013.11.20"]
[SourceQuality "1"]

1. d4 d5 2. Nf3 Nf6 3. e3 e6 4. Bd3 Nbd7 5. 0-0 c6 6. Nbd2 Be7 7. Qe2 Qc7 8. Rb1 a5 9. b3 0-0 10. Bb2 Re8 11. Rfc1 a4 12. Nf1 Nf8 13. Ne5 N6d7 14. f4 f6 15. Nf3 Bd6 16. c4 axb3 17. axb3 Qd8 18. Ra1 Rxa1 19. Rxa1 Ng6 20. Bxg6 hxg6 21. Qc2 Kf7 22. Ra8 Nb6 23. Ra7 Bb8 24. Ra1 dxc4 25. bxc4 Rh8 26. Rd1 Qe7 27. g3 Qb4 28. c5 Nd5 29. e4 Ne7 30. Rd3 Qa5 31. Ra3 Qc7 32. Qb3 Qd7 33. Ra8 Bc7 34. Ra7 Rh5 35. Qc4 Kg8 36. Bc3 Kh7 37. Ra1 b6 38. Ra7 Qd8 39. Ne3 bxc5 40. dxc5 Rxc5 41. Qxc5 Bb6 42. Qxe7 Bxe3+ 43. Kg2 Bxa7 44. Qxd8 1-0

[Event "Quebec-ch qual U2000"]
[Site "Montreal"]
[Date "2005.10.09"]
[Round "3"]
[White "Ostaci, Liviu"]
[Black "Blais, Richard"]
[Result "1/2-1/2"]
[WhiteElo "1874"]
[BlackElo "1784"]
[PlyCount "144"]
[EventDate "2005.10.08"]
[EventType "swiss"]
[EventRounds "3"]
[EventCountry "CAN"]
[SourceTitle "EXT 2009"]
[Source "ChessBase"]
[SourceDate "2008.11.26"]
[SourceVersion "1"]
[SourceVersionDate "2008.11.26"]
[SourceQuality "1"]

1. b3 d5 2. Nf3 Nf6 3. Bb2 e6 4. e3 Bd6 5. d4 0-0 6. Bd3 Nbd7 7. Ne5 Ne8 8. Nd2 f5 9. f4 Nef6 10. 0-0 Ne4 11. Bxe4 fxe4 12. Nxd7 Bxd7 13. a4 c5 14. c4 Qe7 15. dxc5 Bxc5 16. Qe2 Bc6 17. cxd5 exd5 18. Rac1 a6 19. Rc2 Bb6 20. Nb1 Qe6 21. Nd2 Rad8 22. Rcc1 Rf7 23. Rcd1 Rfd7 24. Rfe1 Ba5 25. Bd4 b5 26. Ra1 bxa4 27. bxa4 Rb7 28. Rf1 Qd7 29. f5 Bxa4 30. f6 gxf6 31. Qxa6 Bxd2 32. Rxa4 Rf8 33. Ra2 Bxe3+ 34. Bxe3 d4 35. Qc4+ Qf7 36. Qxf7+ Rbxf7 37. Bxd4 f5 38. Ra3 f4 39. Ra7 Rxa7 40. Bxa7 Kg7 41. g3 f3 42. Re1 Re8 43. Kf2 Kf6 44. g4 h5 45. gxh5 Kg5 46. Kg3 Kxh5 47. Kh3 Kg5 48. Be3+ Kf5 49. Rg1 Rh8+ 50. Kg3 Rg8+ 51. Kf2 Rxg1 52. Kxg1 Kg4 53. Kf2 Kh3 54. Bf4 Kg4 55. Bd6 Kh3 56. Bg3 Kg4 57. Ke3 Kh3 58. Kf2 Kg4 59. Bc7 Kh3 60. Bd6 Kg4 61. Be7 Kh3 62. Bg5 Kxh2 63. Ke3 Kg3 64. Bf6 f2 65. Bh4+ Kxh4 66. Kxf2 Kg4 67. Ke2 Kf4 68. Kf2 e3+ 69. Ke2 Ke4 70. Ke1 Kf3 71. Kf1 e2+ 72. Ke1 Ke3 1/2-1/2